| 000 -CABECERA |
| Longitud fija campo de control |
01113cam a2200313 a 4500 |
| 001 - NÚMERO DE CONTROL |
| Número de control |
991050513499706706 |
| 003 - IDENTIFICADOR DEL NÚMERO DE CONTROL |
| Identificador del número de control |
OSt |
| 005 - FECHA Y HORA DE LA ÚLTIMA TRANSACCIÓN |
| Fecha y hora de la última transacción |
20211217115153.0 |
| 008 - CÓDIGOS DE INFORMACIÓN DE LONGITUD FIJA |
| Códigos de información de longitud fija |
070926s2007 sp 000 0 spa c |
| 020 ## - NÚMERO INTERNACIONAL NORMALIZADO PARA LIBROS |
| Número Internacional Normalizado para Libros (ISBN) |
9788469046883 |
| 035 ## - NÚMERO DE CONTROL DEL SISTEMA |
| Número de control del sistema |
(ES-BaCBU)b37969110-34csuc_network |
| 035 ## - NÚMERO DE CONTROL DEL SISTEMA |
| Número de control del sistema |
(ES-BaCBU).b37969110 |
| 035 ## - NÚMERO DE CONTROL DEL SISTEMA |
| Número de control del sistema |
(ccuc001)b37969110 |
| 040 ## - FUENTE DE LA CATALOGACIÓN |
| Centro catalogador de origen |
ES-BaCBU |
| Lengua de catalogación |
cat |
| Centro transcriptor |
ES-BaCBU |
| Centro modificado |
CDMR |
| 090 ## - CAMPOS LOCALES |
| Número de clasificación (OCLC) ; Número de clasificación,LLAMADA (RLIN) |
Z253.5 |
| Signatura local (OCLC) ; Signatura sin dividir, número de libro, CALL (RLIN) |
.A13 2007 |
| 245 00 - MENCIÓN DE TÍTULO |
| Título |
30 años de diseño periodístico en España : |
| Resto del título |
(1976-2006) / |
| Mención de responsabilidad, etc. |
[Laura González Díez, Pedro Pérez Cuadarado ; Julio Alonso... et al.] |
| 260 ## - PUBLICACIÓN, DISTRIBUCIÓN, ETC. (PIE DE IMPRENTA) |
| Lugar de publicación, distribución, etc. |
Madrid : |
| Nombre del editor, distribuidor, etc. |
Zona Impresa, |
| Fecha de publicación, distribución, etc. |
DL 2007 |
| 300 ## - DESCRIPCIÓN FÍSICA |
| Extensión |
190 p. ; |
| Dimensiones |
23 cm |
| 650 #0 - PUNTO DE ACCESO ADICIONAL DE MATERIA - TÉRMINO DE MATERIA |
| Término de materia o nombre geográfico como elemento inicial |
Diaris |
| Subdivisión geográfica |
Espanya |
| Subdivisión de materia general |
Compaginació i composició |
| 9 (RLIN) |
3098 |
| Subdivisión de forma |
Història |
| 650 04 - PUNTO DE ACCESO ADICIONAL DE MATERIA - TÉRMINO DE MATERIA |
| Término de materia o nombre geográfico como elemento inicial |
Diaris |
| Subdivisión geográfica |
Espanya |
| Subdivisión de materia general |
Disseny |
| Subdivisión de forma |
Història |
| 700 1# - PUNTO DE ACCESO ADICIONAL - NOMBRE DE PERSONA |
| Nombre de persona |
González Díez, Laura, |
| 700 1# - PUNTO DE ACCESO ADICIONAL - NOMBRE DE PERSONA |
| Nombre de persona |
Pérez Cuadrado, Pedro, |
| 700 1# - PUNTO DE ACCESO ADICIONAL - NOMBRE DE PERSONA |
| Nombre de persona |
Alonso, Julio. |
| 740 0# - PUNTO DE ACCESO ADICIONAL - TÍTULO RELACIONADO O ANALÍTICO NO CONTROLADO |
| Título relacionado o analítico no controlado |
Treinta años de diseño periodístico en España |
| 907 ## - ELEMENTO G DATOS LOCALES, GDL (RLIN) |
| a |
.b37969110 |
| b |
11-02-21 |
| c |
12-05-08 |
| d |
26-09-07 |
| e |
m |
| f |
a |
| g |
- |
| h |
spa |
| i |
sp |
| j |
0 |
| k |
2 |
| 908 ## - CONTROL DE PARÁMETROS (RLIN) |
| Parametro de comando lanzado |
UPF |
| -- |
DHUB |
| -- |
GEPA |
| 940 ## - |
| T&íacute;tulo uniforme |
<a href="UPF">UPF</a> |
| 942 ## - ENTRADA DE ELEMENTOS AGREGADOS (KOHA) |
| Fuente de clasificaión o esquema |
|
| Koha [por defecto] tipo de item |
Monografies |